[Event "Geneve Bois Gentil op"]
[Site "Geneve"]
[Date "2020.02.28"]
[Round "6"]
[White "Vulliez, Ivan"]
[Black "Aouissi, Mohamed1111"]
[Result "0-1"]
[WhiteElo "1524"]
[BlackElo "1629"]
[PlyCount "68"]
[EventDate "2020.01.10"]
[EventType "swiss"]
[EventRounds "7"]
[EventCountry "SUI"]
[SourceTitle "CBM 195 Extra"]
[Source "ChessBase"]
[SourceDate "2020.05.31"]
[SourceVersion "1"]
[SourceVersionDate "2020.05.31"]
[SourceQuality "1"]

1. d4 Nf6 2. Nf3 g6 3. e3 c6 4. Bd3 Bg7 5. b3 d6 6. h3 Nbd7 7. Bb2 Nb6 8. Nbd2 0-0 9. 0-0 Be6 10. Ng5 Bd7 11. f4 Nbd5 12. Qf3 Nb4 13. Nge4 Nxd3 14. Nxf6+ Bxf6 15. cxd3 Rb8 16. Qg3 c5 17. Rab1 Bb5 18. e4 cxd4 19. e5 dxe5 20. fxe5 Bg7 21. Nc4 Bc6 22. Qf4 b5 23. Nd2 Qd7 24. Ne4 Qd5 25. Rf2 Bxe5 26. Qf3 Bg7 27. Rc1 Bb7 28. Rc7 f5 29. Rc5 Qd8 30. Qg3 fxe4 31. Rxf8+ Qxf8 32. Rxb5 e3 33. Qc7 Qf2+ 34. Kh2 Qxg2# 0-1